| 000 | 00389nam a22001337a 4500 | ||
|---|---|---|---|
| 082 |
_a358.40095491 _bSTO _cL-28, P-69 |
||
| 245 | _aStory of PAF Heroes | ||
| 260 |
_aLahore _bSayyarah Digest _cc1967 |
||
| 300 |
_ap153 _bill _c16cm |
||
| 526 |
_a0 _b0 _c0 _d358_400954910000000_STO |
||
| 526 |
_a0 _b0 _c0 _d358_400954910000000_STO |
||
| 526 |
_a0 _b0 _c0 _d358_400954910000000_STO |
||
| 942 |
_2ddc _cBK |
||
| 999 |
_c551745 _d551745 |
||